[Event "Saint Quentin op 4th"]
[Site "Saint Quentin"]
[Date "2001.04.20"]
[Round "7.31"]
[White "Parizot, Jean Baptiste"]
[Black "Boullier, Gilles"]
[Result "0-1"]
[WhiteElo "1430"]
[BlackElo "1840"]
[PlyCount "66"]
[EventDate "2001.04.15"]
[EventType "swiss"]
[EventRounds "9"]
[EventCountry "FRA"]
[SourceTitle "EXT 2002"]
[Source "ChessBase"]
[SourceDate "2001.11.25"]
[SourceVersion "1"]
[SourceVersionDate "2001.11.25"]
[SourceQuality "1"]

1. e4 d6 2. d4 Nf6 3. Nc3 g6 4. f3 Bg7 5. Be3 Nc6 6. Qd2 Bd7 7. 0-0-0 e5 8. Nge2 0-0 9. d5 Na5 10. b3 b5 11. Bh6 b4 12. Nb1 Nxb3+ 13. cxb3 a5 14. Bxg7 Kxg7 15. Qd3 a4 16. Kd2 Qb8 17. Nc1 Qa7 18. Ke1 Nh5 19. Ne2 f5 20. Nd2 Qb6 21. Nc4 Qb7 22. Qe3 fxe4 23. fxe4 axb3 24. axb3 Ra2 25. Ng3 Nf4 26. Ne2 Qa8 27. g3 Rxe2+ 28. Qxe2 Nxe2 29. Bxe2 Bh3 30. Rc1 Qa7 31. Nb2 Qf2+ 32. Kd1 Bg4 33. Bxg4 Qxb2 0-1

[Event "Saint Quentin op 4th"]
[Site "Saint Quentin"]
[Date "2001.04.18"]
[Round "5.51"]
[White "Parizot, Jean Baptiste"]
[Black "Guillot, Alain"]
[Result "1-0"]
[WhiteElo "1430"]
[BlackElo "1610"]
[PlyCount "153"]
[EventDate "2001.04.15"]
[EventType "swiss"]
[EventRounds "9"]
[EventCountry "FRA"]
[SourceTitle "EXT 2002"]
[Source "ChessBase"]
[SourceDate "2001.11.25"]
[SourceVersion "1"]
[SourceVersionDate "2001.11.25"]
[SourceQuality "1"]

1. e4 c6 2. d4 d5 3. Nc3 dxe4 4. Nxe4 Nd7 5. Nf3 Ngf6 6. Bd3 e6 7. c3 Nxe4 8. Bxe4 Nf6 9. Bd3 Bd6 10. 0-0 0-0 11. Bg5 h6 12. Bh4 Be7 13. Qe2 Nd5 14. Qe4 f5 15. Bxe7 Qxe7 16. Qe5 Bd7 17. Rfe1 Qf7 18. Qg3 f4 19. Qg6 Qxg6 20. Bxg6 Rf6 21. Ne5 Rd8 22. Re4 Be8 23. Bxe8 Rxe8 24. Rae1 Nc7 25. Nd7 Rf5 26. f3 b6 27. Ne5 c5 28. Nc6 cxd4 29. Nxd4 Rf6 30. c4 g5 31. b4 Kf7 32. a3 a6 33. Rc1 Rd8 34. c5 bxc5 35. bxc5 Nd5 36. Re2 Ne3 37. c6 Rc8 38. Nb3 Rc7 39. Na5 Rf5 40. Nb7 Ke7 41. Rb2 Rd5 42. Rb6 a5 43. Ra6 e5 44. Rxa5 Rxa5 45. Nxa5 Ke6 46. Kf2 Nd5 47. Ke2 Ne7 48. Kd3 Kd5 49. Kc3 Nxc6 50. Nxc6 Rxc6+ 51. Kb2 Ra6 52. Rc3 Kd4 53. Kc2 e4 54. fxe4 Kxe4 55. Kd2 Ra5 56. Rb3 h5 57. Rb4+ Kf5 58. a4 g4 59. Rb5+ Rxb5 60. axb5 h4 61. b6 g3 62. hxg3 f3 63. gxf3 h3 64. b7 h2 65. b8Q h1Q 66. g4+ Kg5 67. Qe5+ Kg6 68. Qh5+ Qxh5 69. gxh5+ Kxh5 70. Ke3 Kg5 71. Ke4 Kg6 72. Ke5 Kf7 73. Kf5 Kf8 74. Kg6 Kg8 75. f4 Kf8 76. Kf6 Kg8 77. Ke7 1-0

[Event "Saint Quentin op 4th"]
[Site "Saint Quentin"]
[Date "2001.04.17"]
[Round "4.54"]
[White "Dubos, Jean Luc"]
[Black "Parizot, Jean Baptiste"]
[Result "0-1"]
[WhiteElo "1300"]
[BlackElo "1430"]
[PlyCount "94"]
[EventDate "2001.04.15"]
[EventType "swiss"]
[EventRounds "9"]
[EventCountry "FRA"]
[SourceTitle "EXT 2002"]
[Source "ChessBase"]
[SourceDate "2001.11.25"]
[SourceVersion "1"]
[SourceVersionDate "2001.11.25"]
[SourceQuality "1"]

1. c4 c5 2. e4 Nc6 3. Nf3 e5 4. Be2 Be7 5. d3 d6 6. 0-0 f5 7. Nc3 Nf6 8. a3 0-0 9. Rb1 Bd7 10. Qc2 f4 11. Rd1 Kh8 12. b4 b6 13. h4 Qe8 14. bxc5 dxc5 15. d4 cxd4 16. Nd5 Bd6 17. Ra1 Qg6 18. Nxf6 Rxf6 19. Nh2 h5 20. Bf3 Bg4 21. Qe2 Bxf3 22. Qxf3 Qf7 23. Qh3 Qe6 24. Qxe6 Rxe6 25. Nf3 Na5 26. Nd2 Rc8 27. Bb2 Be7 28. g3 fxg3 29. fxg3 Rec6 30. Rf1 Bf6 31. Rf5 g6 32. Rf3 Kg7 33. Raf1 Rf8 34. Bc1 Be7 35. Rxf8 Bxf8 36. Nf3 Bd6 37. Ng5 Kg8 38. Nf7 Nxc4 39. Nh6+ Kh8 40. Rf7 Rc7 41. Rf6 Kg7 42. Bg5 d3 43. Kf1 a5 44. a4 Rd7 45. Ke1 Bb4+ 46. Kd1 Nb2+ 47. Kc1 d2+ 0-1

[Event "Saint Quentin op 4th"]
[Site "Saint Quentin"]
[Date "2001.04.16"]
[Round "3.52"]
[White "Parizot, Jean Baptiste"]
[Black "Rivier, Sylvain"]
[Result "0-1"]
[WhiteElo "1430"]
[BlackElo "1550"]
[PlyCount "82"]
[EventDate "2001.04.15"]
[EventType "swiss"]
[EventRounds "9"]
[EventCountry "FRA"]
[SourceTitle "EXT 2002"]
[Source "ChessBase"]
[SourceDate "2001.11.25"]
[SourceVersion "1"]
[SourceVersionDate "2001.11.25"]
[SourceQuality "1"]

1. e4 e6 2. d4 d5 3. e5 c5 4. c3 Nc6 5. Nf3 cxd4 6. cxd4 Nge7 7. a3 Nf5 8. b4 Bd7 9. Be2 Be7 10. 0-0 0-0 11. Bb2 Rc8 12. Nbd2 f6 13. exf6 Bxf6 14. Nb3 b6 15. Re1 Nce7 16. Bd3 Qe8 17. Qe2 Nd6 18. Rac1 Ng6 19. g3 Qf7 20. Nbd2 Rfe8 21. Nb3 Nf5 22. Bxf5 exf5 23. Ne5 Nxe5 24. dxe5 Bd8 25. f4 Bc7 26. Qf3 Be6 27. Nd4 Qd7 28. Re2 b5 29. Kf1 Bb6 30. Rec2 Rc4 31. Qd3 Rec8 32. Ke1 a6 33. Kd1 R8c7 34. Qd2 Qe8 35. Qe2 Bxd4 36. Bxd4 Rxd4+ 37. Rd2 Rxc1+ 38. Kxc1 Qc6+ 39. Rc2 Rc4 40. Kd1 d4 41. Ke1 Rxc2 0-1

[Event "Ardennes-ch 0102"]
[Site "Ardennes"]
[Date "2001.??.??"]
[Round "?"]
[White "Parizot, Jean Baptiste"]
[Black "Peltriaux, Guillaume"]
[Result "1-0"]
[WhiteElo "1720"]
[BlackElo "1570"]
[PlyCount "81"]
[EventDate "2001.??.??"]
[EventType "swiss"]
[EventRounds "9"]
[EventCountry "FRA"]
[SourceTitle "EXT 2008"]
[Source "ChessBase"]
[SourceDate "2007.11.25"]
[SourceVersion "1"]
[SourceVersionDate "2007.11.25"]
[SourceQuality "1"]

1. e4 c6 2. d4 d5 3. Nc3 dxe4 4. Nxe4 Bf5 5. Ng3 Bg6 6. Nf3 e6 7. Bd3 Bxd3 8. Qxd3 Nd7 9. 0-0 Qc7 10. Re1 0-0-0 11. Qc3 Ndf6 12. a3 h5 13. b4 Nd5 14. Qd2 g6 15. c4 Bh6 16. Qc2 Nf4 17. Bxf4 Bxf4 18. Qc3 h4 19. Ne2 g5 20. Nxf4 Qxf4 21. d5 Nf6 22. dxc6 bxc6 23. Qe5 Rh5 24. Qxf4 gxf4 25. Ne5 h3 26. g3 Rg8 27. Nxc6 Kb7 28. Ne5 fxg3 29. fxg3 Rg7 30. c5 Nd5 31. c6+ Kc7 32. b5 f6 33. Nd7 e5 34. a4 Rh6 35. Nc5 Nb4 36. Ne6+ Kb6 37. Nxg7 Nc2 38. Rac1 Nxe1 39. Rxe1 Ka5 40. Rd1 Kxa4 41. c7 1-0

[Event "FRA-chT4 0001"]
[Site "Champagne Ardenne"]
[Date "2000.11.19"]
[Round "2"]
[White "Parizot, Jean Baptiste"]
[Black "Bielka, Samuel"]
[Result "0-1"]
[WhiteElo "1440"]
[BlackElo "1870"]
[PlyCount "88"]
[EventDate "2001.10.??"]
[EventType "team"]
[EventRounds "7"]
[EventCountry "FRA"]
[SourceTitle "EXT 2005"]
[Source "ChessBase"]
[SourceDate "2004.11.15"]
[SourceVersion "1"]
[SourceVersionDate "2004.11.15"]
[SourceQuality "1"]

1. e4 e6 2. d4 d5 3. e5 c5 4. c3 Qb6 5. Nf3 Nc6 6. Bd3 cxd4 7. cxd4 Bd7 8. Bc2 Nb4 9. a3 Nxc2+ 10. Qxc2 Rc8 11. Qd2 Nh6 12. b4 Bb5 13. Bb2 Nf5 14. Nc3 Bc4 15. Ne2 Be7 16. 0-0 Qa6 17. Rfe1 0-0 18. Nf4 Nh4 19. Re3 Nxf3+ 20. Rxf3 Bg5 21. Qd1 Qb5 22. Bc3 Bxf4 23. Rxf4 Be2 24. Qb3 Qd3 25. Rc1 Rc4 26. Qc2 Rfc8 27. Qxd3 Bxd3 28. Rf3 Rxc3 29. Rxc3 Rxc3 30. h3 Rxa3 31. Re3 Rb3 32. f4 Bc4 33. Rxb3 Bxb3 34. Kf2 b6 35. Ke3 a5 36. bxa5 bxa5 37. Kd2 a4 38. Kc3 Kf8 39. Kb4 Ke8 40. g3 Kd7 41. h4 Kc6 42. g4 Bd1 43. Ka3 Kb5 44. g5 Kc4 0-1